| 000 | 00536cam2a220019300 4500 | ||
|---|---|---|---|
| 001 | qce00143962 | ||
| 005 | 20190830105934.0 | ||
| 008 | 780511s1954 enk 000 0 eng d | ||
| 035 | _a(Sirsi) r26611 | ||
| 035 | _a(QCAT)lss01960819 | ||
| 035 | _a(UPRA)qce00143962 | ||
| 040 | _dUPRA | ||
| 100 | 1 |
_aWilliams, Trevor Illtyd. _6A8537.1 |
|
| 245 | 1 | 4 | _aThe elements of chromatography. |
| 260 |
_aLondon : _bBlackie, _c[1954] |
||
| 504 | _aBibliography: p. 87. | ||
| 949 |
_aQD271 _wlcc _i-27476 _mMAIN _tBOOK _lON-SHELF |
||
| 004 | 26611 | ||
| 999 |
_c187612 _d187613 |
||